|
|
|
|
| LEADER |
00000cam a22000004a 4500 |
| 001 |
musev2_73870 |
| 003 |
MdBmJHUP |
| 005 |
20230905051638.0 |
| 006 |
m o d |
| 007 |
cr||||||||nn|n |
| 008 |
200320s2020 nbu o 00 0 eng d |
| 020 |
|
|
|a 9781496221353
|
| 020 |
|
|
|z 9781496219312
|
| 035 |
|
|
|a (OCoLC)1145340035
|
| 040 |
|
|
|a MdBmJHUP
|c MdBmJHUP
|
| 100 |
1 |
|
|a Nye, Peter,
|d 1947-
|e author.
|
| 245 |
1 |
0 |
|a Hearts of Lions :
|b The History of American Bicycle Racing /
|c Peter Joffre Nye ; foreword by Eric Heiden.
|
| 250 |
|
|
|a Second edition.
|
| 264 |
|
1 |
|a Lincoln :
|b University of Nebraska Press,
|c [2020]
|
| 264 |
|
3 |
|a Baltimore, Md. :
|b Project MUSE,
|c 2020
|
| 264 |
|
4 |
|c ©[2020]
|
| 300 |
|
|
|a 1 online resource (568 pages).
|
| 336 |
|
|
|a text
|b txt
|2 rdacontent
|
| 337 |
|
|
|a computer
|b c
|2 rdamedia
|
| 338 |
|
|
|a online resource
|b cr
|2 rdacarrier
|
| 500 |
|
|
|a "First edition published 1988"--Title page verso
|
| 505 |
0 |
|
|a Cover -- Title Page -- Copyright Page -- Contents -- Foreword -- Part 1 -- 1. To the White House -- 2. The Fastest Things on Wheels -- 3. Gentlemen Amateurs Turn Professional -- 4. John M. Chapman, Czar of Cycling -- 5. A Bizarre Twist -- 6. Wonderful Nonsense in the Jazz Age -- 7. Sputtering to an End -- Part 2 -- 8. L'Americain -- 9. Jack Heid, America's Premier Cyclist -- 10. The Allure and Agony of European Road Racing -- 11. Outside Normal Limits -- 12. America's First Woman National Champion -- 13. Pedali Alpini -- 14. The Rainbow at the End of the Crash -- Part 3 -- 15. The Awakening
|
| 505 |
0 |
|
|a 16. Breaking Away -- 17. The Drought Finally Ends -- 18. The Americans Are Coming, the Americans Are Coming -- 19. "The Day the Big Men Cried" -- 20. Liars Club -- 21. Queen of the Oval Hour -- 22. The Match Sprinters -- 23. A Mother, Three Olympics, Three Gold Medals -- 24. The Summing Up -- Acknowledgments -- Bibliography -- Index
|
| 588 |
|
|
|a Description based on print version record.
|
| 650 |
|
7 |
|a Cycling.
|2 fast
|0 (OCoLC)fst00885857
|
| 650 |
|
7 |
|a Bicycle racing.
|2 fast
|0 (OCoLC)fst00831459
|
| 650 |
|
7 |
|a SPORTS & RECREATION
|x Cycling.
|2 bisacsh
|
| 650 |
|
6 |
|a Cyclisme
|z États-Unis.
|
| 650 |
|
0 |
|a Cycling
|z United States.
|
| 650 |
|
0 |
|a Bicycle racing
|z United States.
|
| 651 |
|
7 |
|a United States.
|2 fast
|0 (OCoLC)fst01204155
|
| 655 |
|
7 |
|a Electronic books.
|2 local
|
| 710 |
2 |
|
|a University of Nebraska Press.
|
| 710 |
2 |
|
|a Project Muse.
|e distributor
|
| 830 |
|
0 |
|a Book collections on Project MUSE.
|
| 856 |
4 |
0 |
|z Texto completo
|u https://projectmuse.uam.elogim.com/book/73870/
|
| 945 |
|
|
|a Project MUSE - Custom Collection
|
| 945 |
|
|
|a Project MUSE - 2020 Complete
|
| 945 |
|
|
|a Project MUSE - 2020 History
|